Limpieza de sangre
Na minha lista:
| Autor principal: | |
|---|---|
| Formato: | Livro |
| Idioma: | espanhol |
| Publicado em: |
Madrid
Alfaguara
1997
|
| Assuntos: | |
| Tags: |
Adicionar Tag
Sem tags, seja o primeiro a adicionar uma tag!
|
MARC
| LEADER | 00000nam a2200000 a 4500 | ||
|---|---|---|---|
| 001 | UCR5438 | ||
| 003 | CL-VaPUC | ||
| 008 | 980327e19970000SP |||||||||||||||||spa|d | ||
| 082 | 0 | 4 | |a 863 |b PER |2 21 |
| 100 | 0 | |a Pérez Reverte, Arturo |e author |9 406367 | |
| 245 | 1 | 0 | |a Limpieza de sangre |
| 300 | |a 251 p | ||
| 942 | |c BK | ||
| 945 | |d 19980327 00:00:00 |a rbrito | ||
| 260 | |a Madrid |b Alfaguara |c 1997 | ||
| 650 | 0 | |a Novelas españolas |9 265052 | |
| 583 | |a last modification |c 19980327 00:00:00 |k Rodrigo Vera | ||
| 999 | |c 268036 |d 268034 | ||
| 952 | |0 0 |1 0 |4 0 |6 863_000000000000000_PER_1997 |7 0 |8 A |9 300898 |a FDOPOS |b FDOPOS |d 2019-11-20 |i 3405915 |o 863 PER 1997 |p 3405915 |r 2025-01-22 |w 2019-11-20 |y BK |k MLH | ||
| 952 | |0 0 |1 0 |4 0 |6 863_000000000000000_PER_1997 |7 0 |8 A |9 300899 |a BIBCUR |b BIBCUR |d 2019-11-20 |i 3408620 |o 863 PER 1997 |p 3408620 |r 2025-04-22 |w 2019-11-20 |y BK |k PER | ||
| 952 | |0 0 |1 0 |4 0 |6 863_000000000000000_PER_1997 |7 0 |8 A |9 300900 |a BIBEDU |b BIBEDU |d 2019-11-20 |i 3523381 |o 863 PER 1997 |p 3523381 |r 2019-11-20 |w 2019-11-20 |y BK |k LIT | ||